Capocannonieri Italiani - Statistics

Statistiche generali
  • Questo quiz è stato fatto 373 volte
  • Il punteggio medio è 16 su 31
Statistiche sulle risposte
Stagione Goals Squadra Risposta % Corretto
1990-91 19 Sampdoria Gianluca Vialli
78%
2015-16 36 Napoli Gonzalo Higuain
72%
1989-90 19 Milan Marco Van Basten
71%
2016-17 29 Roma Edin Dzeko
69%
2006-07 26 Roma Francesco Totti
68%
2009-10 29 Udinese Antonio Totò Di Natale
67%
2010-11 28 Udinese Antonio Totò Di Natale
67%
2014-15 22 Hellas Verona Luca Toni
66%
2014-15 22 Inter Mauro Icardi
66%
1991-92 25 Milan Marco Van Basten
65%
2007-08 21 Juvetus Alessandro Del Piero
64%
2012-13 29 Napoli Edinson Cavani
64%
1994-95 26 Fiorentina Gabriel Omar Batistuta
63%
2011-12 28 Milan Zlatan Ibrahimovic
60%
2013-14 22 Torino Ciro Immobile
54%
2005-06 31 Fiorentina Luca Toni
51%
2001-02 24 Juventus David Trezeguet
49%
2002-03 24 Inter Christian Vieri
48%
2004-05 24 Livorno Cristiano Lucarelli
48%
2003-04 24 Milan Andriy Shevchenko
47%
2008-09 25 Inter Zlatan Ibrahimovic
47%
1992-93 26 Lazio Giuseppe Signori
40%
1993-94 23 Lazio Giuseppe Signori
40%
2001-02 24 Piacenza Dario Hubner
39%
1999-00 24 Milan Andriy Shevchenko
37%
1996-97 24 Atalanta Filippo Inzaghi
37%
1995-96 24 Lazio Giuseppe Signori
37%
1997-98 27 Udinese Oliver Bierhoff
32%
2000-01 26 Lazio Herman Crespo
31%
1995-96 24 Bari Igor Protti
28%
1998-99 22 Udinese Marcio Amoroso
24%
Nessun quiz corrispondente trovato
Distribuzione punteggi
Percentuale di utenti per punteggio
Percentile per numero di risposta
I tuoi punteggi nel tempo
Non hai fatto questo quiz